Missing Word: Songs Gone 'Wild' Quiz Stats

 Plays Quiz Updated Jul 18, 2018

Score 0/16 Timer 03:00
1 Play Today
Song Word % Correct
Walk on the Wild _____Side
96.8%
_____ To Be WildBorn
94.7%
Wild Wild _____West
92.4%
_____ the Wild Things AreWhere
89.9%
Girls _____ WildGone
84%
Wild _____Thing
69.1%
Real Wild _____ or Wild _____Child/One
55.3%
Wild _____World
44.8%
Song Word % Correct
Wild _____ LifeWild
42.2%
Wild _____Horses
35%
Wild _____Night
24.8%
Wild is the _____Wind
22.6%
The Wild _____Boys
20.7%
_____ Are WildDeuces
11.6%
No _____ In The WildChurch
8.6%
This _____ Is WildRiver
5.7%

Today's Daily Dose

Missing Word
UFC Champions

Get the Picture
Greek or Latin

You're not logged in!

Compare scores with friends on all Sporcle quizzes.
OR
Log In

Sporcle TV

Today on Sporcle TV


Watch our educational content, quiz creation guides, and fun videos on Sporcle TV.

Show Comments

Extras

Top Quizzes Today


Score Distribution

Your Account Isn't Verified!

In order to create a playlist on Sporcle, you need to verify the email address you used during registration. Go to your Sporcle Settings to finish the process.

Report this User

Report this user for behavior that violates our Community Guidelines.

Details: